Perspectives in Jainism/ (Record no. 160708)

MARC details
000 -LEADER
fixed length control field 00621nam a2200193 4500
005 - DATE AND TIME OF LATEST TRANSACTION
control field 20190214112935.0
010 ## - LCCN (DPL NO)
LC control number ENG-124780
020 ## - INTERNATIONAL STANDARD BOOK NUMBER
International Standard Book Number 9788174791658
Terms of availability 1100.00
035 ## - SYSTEM CONTROL NUMBER
System control number EN-108312
037 ## - SOURCE OF ACQUISITION
Source of stock number/acquisition DBAD/PUB
082 ## - DEWEY DECIMAL CLASSIFICATION NUMBER
Classification number 240
100 ## - MAIN ENTRY--PERSONAL NAME
Personal name Jain, Jagdish Prasad
245 ## - TITLE STATEMENT
Title Perspectives in Jainism/
Statement of responsibility, etc by Jagdish Prasad Jain
260 ## - PUBLICATION, DISTRIBUTION, ETC. (IMPRINT)
Place of publication, distribution, etc New Delhi
Name of publisher, distributor, etc Kaveri Books
Date of publication, distribution, etc 2017
270 ## - ADDRESS
Address 4832/24, Ansari Road, Darya Ganj
City Delhi
Telephone number 011-23288140, 01123245799
Electronic mail address kaveribooks@gmail.com, info@kaveribooks.com
300 ## - PHYSICAL DESCRIPTION
Extent xii,290p.
Dimensions 22cm(Hb)
500 ## - GENERAL NOTE
General note includes index
942 ## - ADDED ENTRY ELEMENTS (KOHA)
Source of classification or shelving scheme Dewey Decimal Classification
Item type English Books
Classification part 240
Call number suffix JAI
Holdings
Withdrawn status Lost status Not for loan Collection code Home library Current library Date acquired Source of acquisition Cost, normal purchase price Full call number Barcode Copy number Cost, replacement price Koha item type
    Not For Loan Non-fiction D.B.Act.Division Patel Nagar 08/02/2019 DBAD/PUB 1100.00 240 JAI EN-108312 1 1100.00 English Books

© Delhi Public Library
Hit Counter
free hit counter